000 00331nam a22001337a 4500
008 210303b ||||| |||| 00| 0 eng d
082 _a612 RAH
100 _aRahman, Abedur
245 _aFetus :
_bEssentials elements of Embrylogy
250 _a16th ed.
260 _aN.A :
_bN.A :
_cN.A :
300 _a358 p.
_c24 cm.
942 _2ddc
999 _c8643
_d8644